000
00323nam a2200157Ia 4500
100
_a
Shaikh/I.A
650
_a
Physics
942
_c
BK
366
_f
15
654
_a
applied physics II
245
_a
Applied Physics II
260
_b
Tech-Max
_a
Pune
_c
2008
082
_a
530/SHA
_b
SHA
546
_a
ENGLISH
999
_c
32973
_d
32973